Roget's International Thesaurus (Record no. 556)

000 -LEADER
fixed length control field 00652nam a22002417a 4500
003 - CONTROL NUMBER IDENTIFIER
control field OSt
005 - DATE AND TIME OF LATEST TRANSACTION
control field 20210420075748.0
008 - FIXED-LENGTH DATA ELEMENTS--GENERAL INFORMATION
fixed length control field 201202s1962 ||||| |||| 00| 0 eng d
020 ## - INTERNATIONAL STANDARD BOOK NUMBER
International Standard Book Number 0690708904
020 ## - INTERNATIONAL STANDARD BOOK NUMBER
International Standard Book Number 0690708912
020 ## - INTERNATIONAL STANDARD BOOK NUMBER
International Standard Book Number 0690708920
040 ## - CATALOGING SOURCE
Original cataloging agency eng
Language of cataloging eng
Transcribing agency DLC
041 ## - LANGUAGE CODE
Language code of text/sound track or separate title eng
080 ## - UNIVERSAL DECIMAL CLASSIFICATION NUMBER
Universal Decimal Classification number 811-3
Item number R-71
100 ## - MAIN ENTRY--PERSONAL NAME
9 (RLIN) 451
Personal name Roget, Mark Peter
Dates associated with a name 1779-1869
245 ## - TITLE STATEMENT
Title Roget's International Thesaurus
Statement of responsibility, etc. / by: Thomas Y. Crowell Company
250 ## - EDITION STATEMENT
Edition statement 3rd Edition
260 ## - PUBLICATION, DISTRIBUTION, ETC.
Place of publication, distribution, etc. New York
Name of publisher, distributor, etc. Thomas Y. Crowell Company
Date of publication, distribution, etc. 1962
300 ## - PHYSICAL DESCRIPTION
Extent 1257 p.
650 #0 - SUBJECT ADDED ENTRY--TOPICAL TERM
9 (RLIN) 452
Topical term or geographic name entry element Dictionary
653 ## - INDEX TERM--UNCONTROLLED
Uncontrolled term ლექსიკონი
942 ## - ADDED ENTRY ELEMENTS (KOHA)
Source of classification or shelving scheme
Koha item type Books
Edition 3
Holdings
Withdrawn status Lost status Source of classification or shelving scheme Damaged status Not for loan Permanent location Current location Date acquired Inventory number Total Checkouts Full call number Barcode Date last seen Price effective from Koha item type
          Ken Walker International University Ken Walker International University 12/02/2020 124   811-3 R-71 124 12/02/2020 12/02/2020 Books

Powered by Koha